000
00202 a2200097 4500
001
45868
100
_a
Creek
245
_a
Association football
260
_a
London
_b
J M Dent
_c
090
_c
28966
_d
28966
942
_a
NUST-CAE
_c
M
_c
21075
999
_c
280941
_d
280941